| 000 | 00653nam a2200205Ia 4500 | ||
|---|---|---|---|
| 003 | GCL | ||
| 008 | 140319s9999 xx 000 0 ara d | ||
| 040 |
_aGCL / _cGCL |
||
| 082 | 0 | 4 |
_aم _b150.3 _bم م |
| 100 | 1 | _aمجمع اللغة العربية | |
| 245 | 1 | 0 |
_aمعجم علم النفس والتربية ( ج1 ) / _cمجمع اللغة العربية |
| 260 |
_a[S.N] : _bمجمع اللغة العربية ، _c1984 |
||
| 300 | _a94 ص | ||
| 490 |
_aماذا اعرف _v0 |
||
| 650 | 0 | 4 | _aالتربية |
| 650 | 0 | 4 | _aعلم النفس |
| 650 | 0 | 4 | _aعلم النفس - معاجم |
| 650 | 0 | 4 | _aالتربية- معاجم |
| 942 |
_2ddc _cREF |
||
| 999 |
_c59592 _d59592 |
||